000 00275nam a22001217a 4500
008 181101b xxu||||| |||| 00| 0 eng d
041 _aeng
080 _a540
100 _a12
101 _aKIM
245 _aThe Biosynthesis of Macromolecules
_cIngram,V.M
942 _2udc
_cBK
999 _c51496
_d51496